00669nam a2200205 a 450000100100000000500170001000800410002704000250006808200200009310000520011324500710016526000610023630000250029749000210032250000280034365000240037165000210039565000260041683000210044200002489320200930023431.0110207s1986 ck r 000 p spa d aDO-SdBNPbspacBNPHU aCo861.44bM323a1 aMarel, Jorge,d1946-qJorge Hernández Gómez10aLas antiguas palabras /cJorge Hernández Gómez. (Jorge Marel). aBogotá, Colombia :bThomas de Quincey Editores,c1986. a81, [6] p. ;c20 cm.1 aNueva Literatura aIncluye datos del autor 4aPoesía colombiana 4aPoesía amorosa 4aLiteratura colombiana 0aNueva Literatura